Sąsiedzi sąsiadów Francji - Statystyki

Ogólne statystyki
  • Ten quiz został rozwiązany 29 razy
  • Średni wynik to 14 z 19
Statystyki odpowiedzi
Państwo % Poprawnych
Portugalia
96%
Austria
93%
Holandia
93%
Dania
89%
Polska
89%
San Marino
89%
Watykan
89%
Czechy
85%
Liechtenstein
81%
Słowenia
78%
Argentyna
63%
Peru
63%
Wenezuela
63%
Boliwia
59%
Kolumbia
59%
Paragwaj
59%
Urugwaj
59%
Gujana
48%
Maroko
37%
Nie znaleziono quizów pasujących do podanych kryteriów
Rozkład punktacji
Procent ludzi z każdym wynikiem
Percentyl według liczby udzielonych odpowiedzi
Twoja historia wyników
Nie rozwiązałeś tego quizu